1329 1285 1151 1667 1014 1536 1179 1471 1334 1074 1387 1039 1992 1807 1313 1454 1726 1388 1056 1315 1956 1417 1556 1687 1750 1921 1150 1798 1254 1408 1466 1209 1601 1068 1652 1729 1235 1741 1035 1682 1189 1923 1562 1481 1324 1383 1751 1982 1190 1010 1433 1449 1886 1460 1617 1707 1745 1145 1349 1122 1515 1463 1098 1618 1494 1130 1367 1596 1769 1174 1197 1192 1510 1248 1964 1532 1877 1744 1439 1264 1991 1860 1975 1611 1511 1129 1667 1651 1660 1034 1270 1102 1561 1121 1208 1933 1781 1557 1248 BCNSPRNW ULIB Ver.6.0+V

เปลี่ยนเป็นภาษาไทย

Change to English
 แสดงรายละเอียดบรรณานุกรม
  กลับหน้าหลัก

Brief Record : Get Marc (ISO 2709) : E-mail record : QR code < ปิดหน้าต่าง
LEADER : 00000nam 2200000uu 4500
001    13399127137
003     ULIB
008    191017s2020||||th 000 0 tha d
020    ^a9780323568906
060    ^aWS200^bK63N^cVol.2
100    ^aKliegman, Robert M. and Geme, Joseph St.
245    ^aNelson Textbook of Pediatrics Vol.2
250    ^a21st ed
260    ^aPhiladelphia :^bElsevier,^c2020
300    ^a2040 pages;^b30 cm
650    ^aPediatrics
945    ^p3230^l0^i006327
999    ^aประนอม เกษจรัล
รายการนี้ยังไม่มีแท็ก
คุณยังไม่ได้ล็อกอิน คุณสามารถมีกิจกรรมร่วมกับเว็บไซต์ได้ แต่ต้องล็อกอินก่อน ::
  ล็อกอิน

รายการสื่อสารสนเทศ

ลำดับที่ ประเภท เลขเรียก/บาร์โค้ด สถานที่ สถานะ
1. วิทยาศาสตร์การแพทย์ และสุขภาพ
วิทยาศาสตร์การแพทย์ และสุขภาพ
WS200 K63N Vol.2 ฉ.1 
  Barcode: 006327
ห้องสมุดวิทยาเขตสวรรค์ประชารักษ์
►หนังสือทั่วไป
บนชั้น

รายการใกล้เคียง
    หัวเรื่อง [Pediatrics]

BibComment


ยังไม่เคยถูกคอมเมนท์

คอมเมนท์ทรัพยากรรายการนี้
  คอมเมนท์: Nelson Textbook ..


 Copyright 2026. Bcnsprnw @Library